=LDR 00000nam 2200000 4500 =001 INLIS000000000034007 =005 20130612135928 =008 ***********************************ind** =035 ##$$a0010-061300000034007 =041 ##$$a ind =082 ##$$a 615.4 =090 ##$$a 615.4, Moh i =100 ##$$a Anief, Moh =245 ##$$a Ilmu meracik obat, Teori dan praktik, Moh Anief =260 ##$$a 2008 $b Yogyakarta =300 ##$$a 231 hlm, 21 cm =650 ##$$a Farmasi Praktis =850 ##$$a NBPNMAT =990 ##$$a 0001/BPAP-NTB/20142014 =990 ##$$a 54805480 =990 ##$$a 54815481 =990 ##$$a 01201805481 =990 ##$$a 0001/BPAP-NTB/20142014 =990 ##$$a 01201805480